MARC

LEADER 00000nam0a2200000 4500
001 106899
005 20231031115055.0
035 |a (RuTPU)RU\TPU\book\115436 
090 |a 106899 
100 |a 20061214d1984 m y0rusy50 ca 
101 0 |a rus 
102 |a UA 
105 |a a z 001zy 
200 1 |a Современные методы радиационной дефектоскопии  |f А. А. Адаменко  |g Академия наук Украинской ССР; Институт электросварки им. Е. О. Патона 
210 |a Киев  |c Наукова думка  |d 1984 
215 |a 216 с.  |c ил. 
320 |a Список литературы: с. 202-214. 
610 1 |a современные методы 
610 1 |a дефектоскопия радиационная 
610 1 |a ионизирующее излучение 
610 1 |a радиография 
610 1 |a радиационная интроскопия 
610 1 |a радиометрия 
675 |a 620.179.15  |v 3 
700 1 |a Адаменко  |b А. А.  |g Александр Адольфович 
712 0 2 |a Академия наук Украинской ССР (АН УССР)  |b Институт электросварки им. Е. О. Патона (ИЭС)  |c (Киев)  |2 stltpush  |3 (RuTPU)RU\TPU\col\13726 
801 1 |a RU  |b 63413507  |c 20061214  |g PSBO 
801 2 |a RU  |b 63413507  |c 20101206  |g PSBO 
942 |c BK